[Event "Druzynowe Mistrzostwa Polski - II Liga S"]
[Site "Ustron/Slaski Zwiazek Szachowy"]
[Date "2008.09.08"]
[Round "3.89"]
[White "Starzynski, Waldemar"]
[Black "Rubinowski, Sebastian"]
[Result "0-1"]
[WhiteElo "1866"]
[BlackElo "2106"]
[PlyCount "137"]
[EventDate "2008.??.??"]

1. e4 g6 2. d4 Bg7 3. Nf3 d6 4. c3 Nf6 5. Qc2 O-O 6. Bg5 Nc6 7. Nbd2 h6 8. Bh4
a6 9. Bd3 Nh5 10. O-O-O Nf4 11. Bf1 f5 12. e5 dxe5 13. dxe5 Qe8 14. Bg3 Ne6 15.
Bd3 Nc5 16. Bc4+ Kh8 17. Rhe1 f4 18. Nh4 Bf5 19. Nxf5 Rxf5 20. Bh4 Nxe5 21. b4
b5 22. Be2 Na4 23. f3 c5 24. bxc5 Rc8 25. Ne4 Nxc5 26. Nxc5 Rxc5 27. Bf2 Rc8
28. Bd4 Qc6 29. a3 Kh7 30. Qe4 Rff8 31. Bf1 Qxe4 32. Rxe4 Nc6 33. Bxg7 Kxg7 34.
Rd7 g5 35. Kc2 Rf5 36. Kb3 Kf6 37. Bd3 Rc5 38. Kb2 Ne5 39. Rdd4 Rxc3 40. Bb1
R3c5 41. a4 Nc4+ 42. Ka2 b4 43. Bd3 b3+ 44. Kxb3 Nd2+ 45. Kb4 a5+ 46. Ka3 Nxe4
47. Bxe4 Rb8 48. g3 fxg3 49. hxg3 Ke5 50. Rd7 Ke6 51. Ra7 h5 52. Ra6+ Ke5 53.
Rh6 Rc1 54. Ka2 Kd4 55. Rxh5 Kc3 56. Rh2 Rb4 57. Bc6 Rbb1 58. Ka3 Kd4 59. Be4
Rb4 60. g4 Ke3 61. Bd5 Ra1+ 62. Ba2 Rd1 63. Be6 Kxf3 64. Rh7 Ra1+ 65. Ba2 Re1
66. Bd5+ Kxg4 67. Rh6 Re3+ 68. Ka2 Rxa4+ 69. Kb2 0-1

[Event "Druzynowe Mistrzostwa Polski - II Liga S"]
[Site "Ustron/Slaski Zwiazek Szachowy"]
[Date "2008.09.08"]
[Round "3.91"]
[White "Flis, Jacek"]
[Black "Steczek, Marcin"]
[Result "1/2-1/2"]
[WhiteElo "2302"]
[BlackElo "2342"]
[PlyCount "82"]
[EventDate "2008.??.??"]

1. e4 Nf6 2. e5 Nd5 3. d4 d6 4. Nf3 Bg4 5. Be2 e6 6. h3 Bh5 7. c4 Nb6 8. exd6
cxd6 9. Nc3 Be7 10. d5 e5 11. g4 Bg6 12. h4 h6 13. h5 Bh7 14. Rg1 Na6 15. Bd3
Bxd3 16. Qxd3 Nc5 17. Qe2 Nba4 18. Nxa4 Nxa4 19. b3 Nc5 20. b4 Nd7 21. Be3 a5
22. b5 Qc7 23. Nd2 Bg5 24. Bxg5 hxg5 25. Ne4 f6 26. Rc1 b6 27. Qe3 O-O-O 28.
Kd2 Kb7 29. Ng3 Nc5 30. f3 Qd7 31. Ne4 Rc8 32. Nxc5+ Rxc5 33. Qe4 Rc7 34. Rh1
Rh6 35. Kd3 Rc8 36. a4 Kc7 37. Rb1 Rch8 38. Rhg1 Qc8 39. Qe3 Kb7 40. Rbc1 Re8
41. Rc2 Qd7 1/2-1/2

[Event "Druzynowe Mistrzostwa Polski - II Liga S"]
[Site "Ustron/Slaski Zwiazek Szachowy"]
[Date "2008.09.08"]
[Round "3.92"]
[White "Walaszczyk, Witold"]
[Black "Ciesla, Adam"]
[Result "1-0"]
[WhiteElo "2247"]
[BlackElo "2291"]
[PlyCount "95"]
[EventDate "2008.??.??"]

1. d4 Nf6 2. Nf3 g6 3. c4 Bg7 4. g3 O-O 5. Bg2 d6 6. O-O Nc6 7. Nc3 a6 8. h3
Rb8 9. e4 b5 10. e5 dxe5 11. dxe5 Qxd1 12. Rxd1 Nd7 13. e6 fxe6 14. cxb5 axb5
15. Ng5 Nd4 16. Be3 c5 17. Nce4 e5 18. Bxd4 exd4 19. Ne6 c4 20. Nxg7 Kxg7 21.
Rxd4 Ne5 22. f4 Nd3 23. b3 e5 24. fxe5 Nxe5 25. Rd5 Nd3 26. Nd6 Ba6 27. a4 bxa4
28. bxc4 Nb2 29. c5 Bb7 30. Nxb7 Rxb7 31. c6 Rb4 32. Rd7+ Kh6 33. Rb7 Nd3 34.
Rxb4 Nxb4 35. Rxa4 Nxc6 36. Bxc6 Rc8 37. Rc4 Kg7 38. Kg2 Rd8 39. Be4 Rf8 40.
Rc7+ Kh8 41. h4 Re8 42. Bc2 Re5 43. Kf3 Rb5 44. g4 Rb4 45. h5 Rb6 46. hxg6 Rf6+
47. Kg3 hxg6 48. Kh4 1-0

[Event "Druzynowe Mistrzostwa Polski - II Liga S"]
[Site "Ustron/Slaski Zwiazek Szachowy"]
[Date "2008.09.08"]
[Round "3.94"]
[White "Swiatnicki, Andrzej"]
[Black "Piesik, Piotr"]
[Result "1/2-1/2"]
[WhiteElo "2192"]
[BlackElo "2150"]
[PlyCount "158"]
[EventDate "2008.??.??"]

1. e4 e6 2. d4 d5 3. exd5 exd5 4. Nf3 Bd6 5. c4 c6 6. Nc3 Ne7 7. Bd3 Bf5 8. c5
Bc7 9. Bg5 f6 10. Bh4 O-O 11. O-O Nd7 12. Re1 Re8 13. Rxe7 Qxe7 14. Bxf5 Nf8
15. Bg3 g6 16. Bd3 Ne6 17. Qd2 Kg7 18. b4 a6 19. a4 Qd7 20. Re1 Re7 21. Bf1
Rae8 22. Bxc7 Qxc7 23. g3 Kg8 24. Kg2 Kg7 25. h4 Nd8 26. Rxe7+ Rxe7 27. b5 axb5
28. axb5 Qa5 29. b6 Ne6 30. Ne4 Qxd2 31. Nexd2 Re8 32. Nb3 Ra8 33. Be2 Ra3 34.
Bd1 Kf7 35. Kf1 Ra2 36. Ke1 Ke7 37. Nbd2 Kd7 38. Ke2 Ke7 39. Ke3 Kd7 40. Bb3
Ra1 41. Bc2 Ra3+ 42. Nb3 Ra2 43. Kd2 Ra4 44. Kc3 Ke7 45. h5 Kf7 46. hxg6+ hxg6
47. Nh4 Nf8 48. Nd2 Ra3+ 49. Kb4 Ra2 50. Kb3 Ra1 51. Kb2 Ra8 52. Kc3 Ra3+ 53.
Kb2 Ra8 54. Bd3 Ra4 55. Kc3 Ra2 56. Nb3 Ra4 57. g4 Kg7 58. f3 Kf7 59. f4 Kg7
60. f5 g5 61. Ng6 Nd7 62. Ne7 Ra8 63. Kb4 Kf7 64. Ng6 Ra2 65. Na5 Rg2 66. Nxb7
Ke8 67. Na5 Nb8 68. Nb3 Rxg4 69. Kc3 Rg1 70. Na5 Kd8 71. Nb7+ Ke8 72. Nd6+ Kd8
73. Nf8 g4 74. Ne6+ Kd7 75. Nf4 Rh1 76. Ne2 Rh3 77. Kd2 Rf3 78. Ng1 Rg3 79. Ne2
Rf3 1/2-1/2

[Event "Druzynowe Mistrzostwa Polski - II Liga S"]
[Site "Ustron/Slaski Zwiazek Szachowy"]
[Date "2008.09.08"]
[Round "3.95"]
[White "Palacz, Krzysztof"]
[Black "Rupental, Janusz"]
[Result "0-1"]
[WhiteElo "2095"]
[BlackElo "2027"]
[PlyCount "116"]
[EventDate "2008.??.??"]

1. e4 e5 2. Nf3 d6 3. d4 exd4 4. Nxd4 g6 5. Bc4 Bg7 6. Nc3 Nf6 7. O-O O-O 8. f3
Nc6 9. Be3 a6 10. Nxc6 bxc6 11. Qd2 Re8 12. Rad1 Be6 13. Bb3 Bxb3 14. axb3 d5
15. Bg5 Qe7 16. Rfe1 dxe4 17. Nxe4 Nxe4 18. Rxe4 Qc5+ 19. Be3 Qf5 20. Rxe8+
Rxe8 21. c3 Bf8 22. Bf2 Bd6 23. Re1 Rxe1+ 24. Qxe1 Kf8 25. Be3 Bc5 26. Bxc5+
Qxc5+ 27. Qf2 Qd5 28. Qc2 h5 29. h3 f5 30. b4 c5 31. bxc5 Qxc5+ 32. Kf1 Qd6 33.
Ke2 Ke7 34. Ke3 Kf6 35. Qa4 c5 36. Qc4 g5 37. b3 g4 38. hxg4 hxg4 39. Qg8 f4+
40. Ke4 Qe7+ 41. Kd3 Qe3+ 42. Kc4 gxf3 43. Qh8+ Kg5 44. Qg7+ Kh4 45. gxf3 Qxf3
46. Kxc5 Qe3+ 47. Kd6 f3 48. Qf6+ Kg3 49. Qg6+ Kh2 50. Qh5+ Kg2 51. Qg4+ Kf1
52. c4 f2 53. c5 Ke1 54. c6 Qd3+ 55. Ke7 f1=Q 56. c7 Qe3+ 57. Kd8 Qf8+ 58. Kd7
Qee8# 0-1

[Event "Druzynowe Mistrzostwa Polski - II Liga S"]
[Site "Ustron/Slaski Zwiazek Szachowy"]
[Date "2008.09.08"]
[Round "3.96"]
[White "Smolenska, Olga"]
[Black "Pacak, Patrycja"]
[Result "1-0"]
[WhiteElo "1932"]
[BlackElo "1771"]
[PlyCount "79"]
[EventDate "2008.??.??"]

1. e4 c5 2. Nf3 a6 3. c3 b5 4. d4 cxd4 5. cxd4 Bb7 6. Bd3 e6 7. O-O Nf6 8. Re1
d5 9. e5 Nfd7 10. Ng5 Be7 11. Nxe6 fxe6 12. Qh5+ Kf8 13. Re3 Nf6 14. exf6 Bxf6
15. Rf3 Qc7 16. Bf4 Qf7 17. Qh3 Nc6 18. Be5 Nxe5 19. dxe5 d4 20. Rf4 Qc7 21.
Nd2 Qxe5 22. Qg4 Ke7 23. Nf3 Bxf3 24. Qxf3 Rad8 25. Re4 Qd6 26. Rae1 e5 27. Qg4
Rhe8 28. f4 Kf8 29. fxe5 Bxe5 30. Qf5+ Bf6 31. Qxh7 Rxe4 32. Rxe4 Qd5 33. Rf4
Qe5 34. Re4 Qg5 35. Re1 Kf7 36. Qe4 Qd2 37. Qe6+ Kf8 38. Bg6 Qe3+ 39. Rxe3 dxe3
40. Qf7# 1-0

[Event "Druzynowe Mistrzostwa Polski - II Liga S"]
[Site "Ustron/Slaski Zwiazek Szachowy"]
[Date "2008.09.08"]
[Round "3.97"]
[White "Swicarz, Maciej"]
[Black "Szymanski, Piotr"]
[Result "1/2-1/2"]
[WhiteElo "2284"]
[BlackElo "2210"]
[PlyCount "104"]
[EventDate "2008.??.??"]

1. e4 g6 2. d4 Bg7 3. Nc3 c5 4. Nf3 cxd4 5. Nxd4 d6 6. Be3 Nf6 7. f3 O-O 8. Qd2
Nc6 9. O-O-O Bd7 10. g4 Rc8 11. Kb1 Ne5 12. Bh6 Bxh6 13. Qxh6 Rxc3 14. bxc3 Qa5
15. Qd2 Rc8 16. Kb2 Qb6+ 17. Ka1 Qc5 18. Rb1 b6 19. Rb3 Ba4 20. Rb4 Bd7 21. Be2
Qxc3+ 22. Qxc3 Rxc3 23. h4 Rc5 24. Rd1 Kf8 25. Kb2 Ke8 26. a4 Nc6 27. Nxc6 Bxc6
28. Rc4 Nd7 29. Ra1 a5 30. Rxc5 Nxc5 31. Bb5 Bxb5 32. axb5 Kd7 33. Kc3 h6 34.
Rd1 Ne6 35. e5 Nc7 36. Kc4 d5+ 37. Rxd5+ Nxd5 38. Kxd5 g5 39. h5 a4 40. Kc4 Ke6
41. Kb4 Kxe5 42. c4 Kd6 43. Kxa4 Kc5 44. Kb3 e6 45. f4 gxf4 46. g5 f3 47. gxh6
f2 48. h7 f1=Q 49. h8=Q Qxc4+ 50. Ka3 Qd3+ 51. Ka2 Qe2+ 52. Ka3 Qd3+ 1/2-1/2

[Event "Druzynowe Mistrzostwa Polski - II Liga S"]
[Site "Ustron/Slaski Zwiazek Szachowy"]
[Date "2008.09.08"]
[Round "3.99"]
[White "Lercel, Michal"]
[Black "Sokolowski, Krzysztof"]
[Result "1-0"]
[WhiteElo "2178"]
[BlackElo "2021"]
[PlyCount "81"]
[EventDate "2008.??.??"]

1. e4 c5 2. Nf3 d6 3. Bb5+ Bd7 4. Bxd7+ Qxd7 5. O-O Nc6 6. c3 Nf6 7. d4 Nxe4 8.
d5 Nb8 9. Re1 Nf6 10. Bg5 Na6 11. Nbd2 e5 12. dxe6 fxe6 13. Qb3 O-O-O 14. Rxe6
Nc7 15. Rxf6 gxf6 16. Bxf6 Bh6 17. Bxh8 Rxh8 18. Ne4 Qc6 19. Re1 Rf8 20. Qd1 d5
21. Ne5 Qe6 22. Nxc5 Qf5 23. Qg4 b6 24. Qxf5+ Rxf5 25. Nc6 Rf7 26. Nxa7+ Kb8
27. Nc6+ Kc8 28. Ne6 Nxe6 29. Rxe6 Bc1 30. Re7 Rf6 31. Nb4 Bxb2 32. Nxd5 Rd6
33. Re5 Kb7 34. g3 b5 35. Ne3 Kc6 36. Re8 Kd7 37. Rb8 Bxc3 38. Rxb5 Kc6 39. Rb3
Bd2 40. Nc4 Rd7 41. Nxd2 1-0

[Event "Druzynowe Mistrzostwa Polski - II Liga S"]
[Site "Ustron/Slaski Zwiazek Szachowy"]
[Date "2008.09.08"]
[Round "3.100"]
[White "Obiedzinski, Pawel"]
[Black "Zminda, Bogdan"]
[Result "1-0"]
[WhiteElo "2008"]
[BlackElo "2156"]
[PlyCount "115"]
[EventDate "2008.??.??"]

1. d4 Nf6 2. Bg5 g6 3. Nc3 Bg7 4. e4 d6 5. Nf3 c6 6. Be2 Nbd7 7. e5 dxe5 8.
dxe5 Ng4 9. e6 fxe6 10. Nd4 Nb6 11. Nxc6 Qxd1+ 12. Rxd1 bxc6 13. Bxg4 Nc4 14.
Bc1 Rb8 15. Na4 Bxb2 16. Nxb2 Nxb2 17. Rd2 Ba6 18. Bxe6 Nc4 19. Rd4 Nd6 20. f3
Rb1 21. Kf2 Bc8 22. Rxd6 exd6 23. Bxc8 Rb8 24. Be6 Kd8 25. Bd2 Kc7 26. Rd1 Rb5
27. Bc4 Rc5 28. Bb3 Rd8 29. Re1 Rd7 30. f4 Rh5 31. h3 d5 32. Rh1 Rf5 33. g4
Rff7 34. Rd1 h5 35. gxh5 gxh5 36. c3 Rg7 37. Rg1 Rxg1 38. Kxg1 Rg7+ 39. Kf2 Kd6
40. Bd1 h4 41. f5 Ke5 42. Bg4 c5 43. Kf3 Kf6 44. Bf4 Rd7 45. Be3 Rc7 46. Kf4 d4
47. cxd4 c4 48. d5 c3 49. Bd4+ Kf7 50. Bh5+ Kf8 51. Be3 c2 52. Bc1 Re7 53. Ba3
Kg7 54. d6 Re1 55. Bb2+ Kf8 56. f6 c1=Q+ 57. Bxc1 Rxc1 58. d7 1-0

[Event "Druzynowe Mistrzostwa Polski - II Liga S"]
[Site "Ustron/Slaski Zwiazek Szachowy"]
[Date "2008.09.08"]
[Round "3.101"]
[White "Stepien, Marcin"]
[Black "Michalak, Robert"]
[Result "1-0"]
[WhiteElo "2083"]
[BlackElo "1831"]
[PlyCount "69"]
[EventDate "2008.??.??"]

1. e4 d6 2. d4 c5 3. dxc5 Qa5+ 4. c3 Qxc5 5. Nf3 Nf6 6. Bd3 g6 7. O-O Bg7 8. h3
O-O 9. Be3 Qc7 10. Nbd2 b6 11. Qe2 Bb7 12. Rfe1 Nc6 13. Nd4 Rac8 14. f4 Nxd4
15. cxd4 e5 16. fxe5 dxe5 17. d5 Ne8 18. Nf3 Nd6 19. Rac1 Qd7 20. Bd2 Rxc1 21.
Rxc1 Rc8 22. Rxc8+ Qxc8 23. Bb4 Qd7 24. Nd2 Bc8 25. Nc4 Nxc4 26. Bxc4 Bf8 27.
Bb5 Qc7 28. Bxf8 Kxf8 29. Qe3 h5 30. Qa3+ Kg7 31. d6 Qd8 32. d7 Bb7 33. Qd6 a6
34. Qxe5+ Kf8 35. Qe8+ 1-0

[Event "Druzynowe Mistrzostwa Polski - II Liga S"]
[Site "Ustron/Slaski Zwiazek Szachowy"]
[Date "2008.09.08"]
[Round "3.102"]
[White "Filipkowska, Martyna"]
[Black "Hermanowicz, Dominika"]
[Result "0-1"]
[WhiteElo "1580"]
[BlackElo "2118"]
[PlyCount "80"]
[EventDate "2008.??.??"]

1. c4 Nf6 2. Nc3 g6 3. Nf3 Bg7 4. g3 O-O 5. Bg2 d6 6. O-O e5 7. d4 Nbd7 8. b3
Re8 9. Bb2 e4 10. Ng5 e3 11. Nge4 Nxe4 12. Nxe4 f5 13. Nc3 exf2+ 14. Rxf2 Nf6
15. h3 c6 16. Qc2 Qe7 17. Rd1 Bd7 18. d5 c5 19. Kh2 a6 20. Re1 b5 21. a3 bxc4
22. bxc4 Rab8 23. Ba1 Nh5 24. Qd3 Be5 25. Rf3 f4 26. g4 Qh4 27. gxh5 Qxe1 28.
Rf1 Qg3+ 29. Qxg3 fxg3+ 30. Kh1 Rf8 31. Rc1 Bf5 32. e4 Bd7 33. Ne2 Bxa1 34.
Rxa1 Rb3 35. hxg6 hxg6 36. a4 Re3 37. Re1 Rf2 38. Bf1 g2+ 39. Bxg2 Rfxe2 40.
Rf1 Re1 0-1